000 01041cam a22003137a 4500
003 CHAP
005 20220329140648.0
008 971013s r 00010 d
010 _a55569
011 _a56541
035 _a60694
040 _cCHAP
090 _aR-1517
100 0 0 _aScott, C. D.
_9103367
245 1 0 _aSome problems of marketingamong small peasant proprietors in Chile
500 _aLTC reprint, 115
500 _aSobretiro de: Boletín de Estudios Latinoamericanos N.13: 21-32, 1972
590 _aBATCH-UPD
_b10
_c20130110
_lUCH01
_h0518
590 _aBATCH-UPD
_b10
_c20130110
_lUCH01
_h2204
590 _aBATCH-UPD
_b10
_c20130410
_lUCH01
_h0157
590 _aBATCH-UPD
_b10
_c20130914
_lUCH01
_h1714
590 _aCONVERSION
_b10
_c20130109
_lUCH01
_h1330
650 1 4 _aProductos agrícolas
_xMercadeo
_xChile.
_991962
710 _aLand Tenure Center. Madison, Wis.
_964637
901 _aBK
942 _cFOLL
949 _aR-1517
_bBC
_cR
_d-130669
_eTS1
_i60694
_si
949 _aR-1517
_bBC
_cR
_d-130670
_eTS2
_fc.2
_i60694
_si
999 _c55569
_d55569